| 000 | 00539nam a22001817a 4500 | ||
|---|---|---|---|
| 005 | 20241105141059.0 | ||
| 008 | 241105b |||||||| |||| 00| 0 eng d | ||
| 020 | _a5781224620681 | ||
| 050 |
_aRB38.2. _bV37 VAN |
||
| 245 | _aDavis's Comprehensive handbook of laboratory and diagnostic tests- with nursing impllications | ||
| 250 | _a3rd | ||
| 260 |
_aPhiladelphia _bF.A DAVIS COMPANY _cc2009 |
||
| 300 |
_axi,1403p; _bill.: |
||
| 500 | _aindex | ||
| 700 | _aVanleeuwen, Anne M. | ||
| 700 | _aLeth- Poelhuis,Debra J. | ||
| 942 |
_2lcc _cBK _n0 |
||
| 999 |
_c641 _d641 |
||